[Event "GER-chT KG-33 email"]
[Site "GER email"]
[Date "2007.10.25"]
[Round "?"]
[White "Fichtner, Bernd"]
[Black "Betzelt, Andreas"]
[Result "1/2-1/2"]
[WhiteElo "2284"]
[BlackElo "2238"]
[PlyCount "85"]
[EventDate "2007.??.??"]
[EventType "tourn (corr)"]
[EventRounds "6"]
[EventCountry "GER"]
[SourceTitle "Corr 2011"]
[Source "ChessBase"]
[SourceDate "2010.08.31"]
[SourceVersion "1"]
[SourceVersionDate "2010.08.31"]
[SourceQuality "1"]

1. d4 Nf6 2. c4 e6 3. Nf3 b6 4. Nc3 Bb4 5. g3 Bb7 6. Bg2 0-0 7. 0-0 Bxc3 8. bxc3 d6 9. Bf4 Nbd7 10. a4 Qe7 11. a5 e5 12. Be3 Rfe8 13. Bh3 a6 14. Nh4 Qd8 15. Qa4 bxa5 16. c5 Bd5 17. Qxa5 exd4 18. cxd4 dxc5 19. dxc5 Ne5 20. Nf5 Nc4 21. Qc3 Nxe3 22. fxe3 c6 23. Rad1 Qb8 24. Nxg7 Qe5 25. Qxe5 Rxe5 26. Nf5 a5 27. Nd4 Ne4 28. Ra1 a4 29. Ra3 Nxc5 30. Bg2 Ra6 31. Bxd5 cxd5 32. Rc1 Nd7 33. Rc8+ Kg7 34. Rc7 Nb6 35. Rc6 Rg5 36. Nb5 Rg6 37. Nd6 Kg8 38. Kg2 Kf8 39. h4 h5 40. Kf3 Kg8 41. Kf2 Rf6+ 42. Kg2 Rg6 43. Kf3 1/2-1/2

[Event "GER-chT KG-33 email"]
[Site "GER email"]
[Date "2007.10.25"]
[Round "?"]
[White "Mayer, Johann"]
[Black "Betzelt, Andreas"]
[Result "1/2-1/2"]
[WhiteElo "2139"]
[BlackElo "2238"]
[PlyCount "47"]
[EventDate "2007.??.??"]
[EventType "tourn (corr)"]
[EventRounds "6"]
[EventCountry "GER"]
[SourceTitle "Corr 2011"]
[Source "ChessBase"]
[SourceDate "2010.08.31"]
[SourceVersion "1"]
[SourceVersionDate "2010.08.31"]
[SourceQuality "1"]

1. d4 Nf6 2. c4 e6 3. Nf3 b6 4. a3 Bb7 5. Nc3 d5 6. cxd5 Nxd5 7. Qc2 Nxc3 8. bxc3 Be7 9. e4 0-0 10. Bd3 c5 11. 0-0 Qc7 12. Qe2 Rd8 13. Bb2 Nd7 14. Rad1 Rac8 15. Nd2 Qf4 16. d5 Ne5 17. c4 Bf6 18. g3 Qh6 19. f4 Nxd3 20. Bxf6 Qxf6 21. Qxd3 exd5 22. exd5 b5 23. Qe4 Re8 24. Qd3 1/2-1/2